Französisch Vokabeln Grundwissen - Wochentage und Zeitangaben - Statistiken

Allgemein
  • Dieses Quiz wurde 70 mal gespielt
    62 seit der letzten Aktualisierung
  • Das Durchschnittsergebnis liegt bei 19 aus 28
Antwortstatistiken
Hint Antwort % Korrekt
Dienstag mardi
93%
Montag lundi
91%
Mittwoch mercredi
91%
Samstag samedi
87%
Freitag vendredi
87%
heute aujourd’hui
80%
Donnerstag jeudi
80%
Sonntag dimanche
73%
Oktober octobre
73%
April avril
71%
Dezember décembre
71%
Mai mai
71%
November novembre
71%
September septembre
71%
morgen demain
67%
Januar janvier
67%
jetzt maintenant
67%
Februar février
64%
März mars
64%
spät tard
64%
August août
56%
Winter l’hiver
53%
Juni juin
51%
Sommer l’été
51%
Juli juillet
44%
früh tôt
44%
Herbst l’automne
38%
Frühling le printemps
33%
Keine übereinstimmenden Quizze gefunden
Verteilung der Resultate
Anzahl Personen mit jedem Resultat
Perzentil nach korrekt beantworteten Fragen
Ihre Resultats-Entwicklung
Sie haben dieses Quiz seit der letzten Aktualisierung nicht gespielt